Witness tips: part 3 (Record no. 75563)

MARC details
000 -LEADER
fixed length control field 00636cab a2200181 4500
001 - CONTROL NUMBER
control field L130337
008 - FIXED-LENGTH DATA ELEMENTS--GENERAL INFORMATION
fixed length control field 050715n2005 000 0 eng u
035 ## - SYSTEM CONTROL NUMBER
System control number (Sirsi) u130337
041 ## - LANGUAGE CODE
Language code of text/sound track or separate title eng
100 ## - MAIN ENTRY--PERSONAL NAME
Personal name O'Driscoll, Rod
245 ## - TITLE STATEMENT
Title Witness tips: part 3
260 ## - PUBLICATION, DISTRIBUTION, ETC.
Date of publication, distribution, etc. 2005
490 ## - SERIES STATEMENT
Series statement Site Recorder
Volume/sequential designation 123(1467) July 2005, 4(1)
520 ## - SUMMARY, ETC.
Summary, etc. Conclusion of the three-part series on acting as an expert witness. Covers cross-examination. (See also L129908 and L129964).
590 ## - LOCAL NOTE (RLIN)
Local note IKA190705
690 ## - LOCAL SUBJECT ADDED ENTRY--TOPICAL TERM (OCLC, RLIN)
Topical term or geographic name as entry element MANAGEMENT-DISPUTE AVOIDANCE, MANAGEMENT AND RESOLUTION-DISPUTE MANAGEMENT AND RESOLUTION-EXPERT WITNESSES
942 ## - ADDED ENTRY ELEMENTS (KOHA)
Suppress in OPAC 0
Holdings
Withdrawn status Lost status Source of classification or shelving scheme Damaged status Not for loan Home library Current library Shelving location Date acquired Total Checkouts Full call number Barcode Date last seen Copy number Price effective from Koha item type
    Dewey Decimal Classification     London London Journal article 15/07/2005   L130337 130337-1001 06/08/2019 1 06/08/2019 Journal article